<?xml version="1.0" encoding="UTF-8"?><?xml-stylesheet type="text/xsl" href="static/style.xsl"?><OAI-PMH xmlns="http://www.openarchives.org/OAI/2.0/" xmlns:xsi="http://www.w3.org/2001/XMLSchema-instance" xsi:schemaLocation="http://www.openarchives.org/OAI/2.0/ http://www.openarchives.org/OAI/2.0/OAI-PMH.xsd"><responseDate>2026-04-17T18:16:49Z</responseDate><request verb="GetRecord" identifier="oai:www.recercat.cat:10459.1/83130" metadataPrefix="marc">https://recercat.cat/oai/request</request><GetRecord><record><header><identifier>oai:recercat.cat:10459.1/83130</identifier><datestamp>2024-12-05T22:32:30Z</datestamp><setSpec>com_2072_3622</setSpec><setSpec>col_2072_479130</setSpec></header><metadata><record xmlns="http://www.loc.gov/MARC21/slim" xmlns:dcterms="http://purl.org/dc/terms/" xmlns:xsi="http://www.w3.org/2001/XMLSchema-instance" xmlns:doc="http://www.lyncode.com/xoai" xsi:schemaLocation="http://www.loc.gov/MARC21/slim http://www.loc.gov/standards/marcxml/schema/MARC21slim.xsd">
   <leader>00925njm 22002777a 4500</leader>
   <datafield ind2=" " ind1=" " tag="042">
      <subfield code="a">dc</subfield>
   </datafield>
   <datafield ind2=" " ind1=" " tag="720">
      <subfield code="a">Catalán Santos, Úrsula</subfield>
      <subfield code="e">author</subfield>
   </datafield>
   <datafield ind2=" " ind1=" " tag="720">
      <subfield code="a">Pedret, Anna</subfield>
      <subfield code="e">author</subfield>
   </datafield>
   <datafield ind2=" " ind1=" " tag="720">
      <subfield code="a">Yuste, Silvia</subfield>
      <subfield code="e">author</subfield>
   </datafield>
   <datafield ind2=" " ind1=" " tag="720">
      <subfield code="a">Rubió Piqué, Laura</subfield>
      <subfield code="e">author</subfield>
   </datafield>
   <datafield ind2=" " ind1=" " tag="720">
      <subfield code="a">Piñol Felis, Carme</subfield>
      <subfield code="e">author</subfield>
   </datafield>
   <datafield ind2=" " ind1=" " tag="720">
      <subfield code="a">Sandoval-Ramírez, Berner Andrée</subfield>
      <subfield code="e">author</subfield>
   </datafield>
   <datafield ind2=" " ind1=" " tag="720">
      <subfield code="a">Companys, Judit</subfield>
      <subfield code="e">author</subfield>
   </datafield>
   <datafield ind2=" " ind1=" " tag="720">
      <subfield code="a">Foguet, Elisabet</subfield>
      <subfield code="e">author</subfield>
   </datafield>
   <datafield ind2=" " ind1=" " tag="720">
      <subfield code="a">Herrero, Pol</subfield>
      <subfield code="e">author</subfield>
   </datafield>
   <datafield ind2=" " ind1=" " tag="720">
      <subfield code="a">Canela, Núria</subfield>
      <subfield code="e">author</subfield>
   </datafield>
   <datafield ind2=" " ind1=" " tag="720">
      <subfield code="a">Motilva Casado, Mª José</subfield>
      <subfield code="e">author</subfield>
   </datafield>
   <datafield ind2=" " ind1=" " tag="720">
      <subfield code="a">Solà, Rosa</subfield>
      <subfield code="e">author</subfield>
   </datafield>
   <datafield ind2=" " ind1=" " tag="260">
      <subfield code="c">2022-04-20T07:32:19Z</subfield>
   </datafield>
   <datafield ind2=" " ind1=" " tag="260">
      <subfield code="c">2022-04-20T07:32:19Z</subfield>
   </datafield>
   <datafield ind2=" " ind1=" " tag="260">
      <subfield code="c">2022</subfield>
   </datafield>
   <datafield ind2=" " ind1=" " tag="520">
      <subfield code="a">The impact of a red-fleshed apple (RFA) rich in anthocyanins (ACNs), a white-fleshed apple (WFA) without ACNs, and an extract infusion from Aronia fruit (AI) equivalent in dose of cyanidin-3-O-galactoside (main ACN) as RFA was determined by the proteome profile of aorta and heart as key cardiovascular tissues. Hypercholesterolaemic Wistar rats were separated into six groups (n = 6/group; three males and three females) and the proteomic profiles were analyzed using nanoliquid chromatography coupled to mass spectrometry. No adverse events were reported and all products were well tolerated. RFA downregulated C1QB and CFP in aorta and CRP in heart. WFA downregulated C1QB and CFP in aorta and C9 and C3 in aorta and heart, among other proteins. AI downregulated PRKACA, IQGAP1, and HSP90AB1 related to cellular signaling. Thus, both apples showed an anti-inflammatory effect through the complement system, while RFA reduced CRP. Regardless of the ACN content, an apple matrix effect was observed that involved different bioactive components, and inflammatory proteins were reduced.</subfield>
   </datafield>
   <datafield ind2=" " ind1=" " tag="520">
      <subfield code="a">The work summarized in this manuscript was supported in part by grants (Grant Nos.&#xd;
MEFOPC Project, AGL2012-40144-C03-02, and AppleCOR Project, AGL2016-76943-C2-2-R) from the&#xd;
Ministerio de Economía, Industria y Competitividad, the Agencia Estatal de Investigación (AEI),&#xd;
and the European Regional Development Fund (ERDF). L. Rubió enjoys a Sara Borrell post-doctoral&#xd;
grant (CD14/00275; Spain), A. Pedret enjoys a post-doctoral grant (PTQ-15-08068; Spain), Ú. Catalán&#xd;
enjoys a Pla estratègic de recerca i innovació en salut (PERIS) post-doctoral grant (SLT002/16/00239;&#xd;
Catalunya, Spain), and S.Yuste enjoys a grant from the University of Lleida. M.J. Motilva thanks&#xd;
to Consejo Superior de Investigaciones Científicas-CSIC for partial funding through the “Ayudas&#xd;
incorporación a escalas científicas CSIC, 2018” (Reference 201870I129). We also thank the support of&#xd;
Institut d’Investigació Sanitària Pere Virgili (IISPV) and Fundació EURECAT, Reus, Spain. NFOC-&#xd;
Salut group is a consolidated research group of Generalitat de Catalunya, Spain (2014 SGR 873 and&#xd;
2017 SGR 522).</subfield>
   </datafield>
   <datafield ind1="8" ind2=" " tag="024">
      <subfield code="a">http://hdl.handle.net/10459.1/83130</subfield>
   </datafield>
   <datafield tag="653" ind2=" " ind1=" ">
      <subfield code="a">Anthocyanins</subfield>
   </datafield>
   <datafield tag="653" ind2=" " ind1=" ">
      <subfield code="a">Aorta and heart rat tissues</subfield>
   </datafield>
   <datafield tag="653" ind2=" " ind1=" ">
      <subfield code="a">Apples</subfield>
   </datafield>
   <datafield tag="653" ind2=" " ind1=" ">
      <subfield code="a">Phenolic compounds</subfield>
   </datafield>
   <datafield tag="653" ind2=" " ind1=" ">
      <subfield code="a">Proteomics</subfield>
   </datafield>
   <datafield tag="653" ind2=" " ind1=" ">
      <subfield code="a">Pomes</subfield>
   </datafield>
   <datafield tag="653" ind2=" " ind1=" ">
      <subfield code="a">Proteòmica</subfield>
   </datafield>
   <datafield tag="653" ind2=" " ind1=" ">
      <subfield code="a">Biologia molecular</subfield>
   </datafield>
   <datafield ind2="0" ind1="0" tag="245">
      <subfield code="a">Red-fleshed apples rich in anthocyanins and white-fleshed apples modulate the aorta and heart proteome in hypercholesterolaemic rats: the AppleCOR study</subfield>
   </datafield>
</record></metadata></record></GetRecord></OAI-PMH>